|
|
|
|
| LEADER |
00000cam a2200000 c 4500 |
| 001 |
1121597467 |
| 003 |
DE-627 |
| 005 |
20240329081851.0 |
| 007 |
tu |
| 008 |
960829s1963 gw ||||| 00| ||ger c |
| 035 |
|
|
|a (DE-627)1121597467
|
| 035 |
|
|
|a (DE-576)051597462
|
| 035 |
|
|
|a (DE-599)BSZ051597462
|
| 035 |
|
|
|a (OCoLC)257897110
|
| 035 |
|
|
|a (OCoLC)257897110
|
| 035 |
|
|
|a (DE-604)8085912247
|
| 040 |
|
|
|a DE-627
|b ger
|c DE-627
|e rakwb
|
| 041 |
|
|
|a ger
|
| 044 |
|
|
|c XA-DE
|
| 084 |
|
|
|a 1
|2 ssgn
|
| 084 |
|
|
|a CI 3204
|2 rvk
|0 (DE-625)rvk/18408:11603
|
| 084 |
|
|
|a 08.32
|2 bkl
|
| 084 |
|
|
|a 08.25
|2 bkl
|
| 100 |
1 |
|
|0 (DE-588)118557106
|0 (DE-627)134295617
|0 (DE-576)161578454
|4 aut
|a Jaspers, Karl
|d 1883-1969
|
| 109 |
|
|
|a Kaer-Yasibeiersi 1883-1969
|a Ka er Ya si bei er si 1883-1969
|a Yāspars, Kārl 1883-1969
|a Yâspers, Qârl 1883-1969
|a Giaspers, Karl 1883-1969
|a Yasŭp'ŏsŭ, K. 1883-1969
|a Jaspers, Karl 1883-1969
|a Yasibeiersi, Kaer 1883-1969
|a Yaspers, Ḳarl 1883-1969
|a Jaspers, Carl 1883-1969
|a Yashipei 1883-1969
|a Yasŭp'ŏsŭ, K'al 1883-1969
|a Ya, Shipei 1883-1969
|a Jaspers, K. 1883-1969
|a Jaspersas, Karlas 1883-1969
|a Jaspers, Karl Theodor 1883-1969
|a Yasibeiersi 1883-1969
|a Ya si bei er si 1883-1969
|a Yasibeisi, Ka'er 1883-1969
|a Ka'er-Yasibeisi 1883-1969
|a Yasǔp'ǒsǔ, K'al 1883-1969
|a Yasupāsu, Kāru 1883-1969
|a Yāspirs, Kārl 1883-1969
|a Ya, Shi pei 1883-1969
|a Ya shi pei 1883-1969
|a Ya Shipei 1883-1969
|
| 245 |
1 |
0 |
|a Philosophie und Welt
|b Reden und Aufsätze
|c Karl Jaspers
|
| 250 |
|
|
|a 9. - 11. Tsd.
|
| 264 |
|
1 |
|a München
|b Piper
|c 1963
|
| 300 |
|
|
|a 403 S.
|
| 336 |
|
|
|a Text
|b txt
|2 rdacontent
|
| 337 |
|
|
|a ohne Hilfsmittel zu benutzen
|b n
|2 rdamedia
|
| 338 |
|
|
|a Band
|b nc
|2 rdacarrier
|
| 490 |
0 |
|
|a Sammlung Piper
|
| 583 |
1 |
|
|a Archivierung prüfen
|c 20240324
|f DE-4165
|z 1
|2 pdager
|
| 601 |
|
|
|a Philosophie
|
| 601 |
|
|
|a Aufsatz
|
| 689 |
0 |
0 |
|d s
|0 (DE-588)4015972-3
|0 (DE-627)106334573
|0 (DE-576)208914412
|2 gnd
|a Existenzphilosophie
|
| 689 |
0 |
|
|5 (DE-627)
|
| 889 |
|
|
|w (DE-627)21486412X
|
| 935 |
|
|
|a mteo
|
| 935 |
|
|
|i mdedup
|
| 936 |
r |
v |
|a CI 3204
|b Einzelschriften
|k Philosophie
|k Geschichte der Philosophie
|k Geschichte der Philosophie des Abendlandes von Antike bis 20. Jahrhundert
|k Philosophie des 20. Jahrhunderts
|k Deutschland und deutschsprachige Länder
|k Autoren
|k Autoren J
|k Jaspers, Karl
|k Einzelschriften
|0 (DE-627)1271490471
|0 (DE-625)rvk/18408:11603
|0 (DE-576)201490471
|
| 936 |
b |
k |
|a 08.32
|j Erkenntnistheorie
|0 (DE-627)106415263
|
| 936 |
b |
k |
|a 08.25
|j Zeitgenössische westliche Philosophie
|0 (DE-627)106403672
|
| 951 |
|
|
|a BO
|
| ELC |
|
|
|b 1
|
| ITA |
|
|
|a 1
|
| LOK |
|
|
|0 000 xxxxxcx a22 zn 4500
|
| LOK |
|
|
|0 001 2279596881
|
| LOK |
|
|
|0 003 DE-627
|
| LOK |
|
|
|0 004 1121597467
|
| LOK |
|
|
|0 005 20100408170710
|
| LOK |
|
|
|0 008 960422||||||||||||||||ger|||||||
|
| LOK |
|
|
|0 040
|a DE-21-35
|c DE-627
|d DE-21-35
|
| LOK |
|
|
|0 541
|e 3035/65 (ÖkI)
|
| LOK |
|
|
|0 852
|a DE-21-35
|
| LOK |
|
|
|0 852 1
|c Ep 410.34
|m p
|9 00
|
| LOK |
|
|
|0 938
|k p
|
| LOK |
|
|
|0 939
|a 22-04-96
|b l01
|
| ORI |
|
|
|a SA-MARC-ixtheoa001.raw
|
| STA |
0 |
0 |
|a Existential philosophy
|
| STB |
0 |
0 |
|a Philosophie existentialiste
|
| STC |
0 |
0 |
|a Filosofía existencial
|
| STD |
0 |
0 |
|a Filosofia esistenzialista
|
| STE |
0 |
0 |
|a 存在主义哲学,存在主义
|
| STF |
0 |
0 |
|a 存在主義哲學,存在主義
|
| STG |
0 |
0 |
|a Filosofia existencial
|
| STH |
0 |
0 |
|a Экзистенциальная философия
|
| STI |
0 |
0 |
|a Υπαρξιακή φιλοσοφία
|
| SYG |
0 |
0 |
|a Existentialphilosophie,Existenzialphilosophie
|